[Event "GoAudit Open"]
[Site "Copenhagen"]
[Date "2019.11.08"]
[Round "1.1"]
[White "Iskos, Lukas"]
[Black "Hector, Jonny"]
[Result "0-1"]
[WhiteElo "1743"]
[BlackElo "2478"]
[PlyCount "46"]
[EventDate "2019.11.??"]
[EventType "swiss"]
[EventRounds "8"]
[EventCountry "DEN"]

1. e4 e5 2. Nf3 Nc6 3. Bc4 Nf6 4. O-O Bc5 5. d4 Bxd4 6. Nxd4 Nxd4 7. f4 d6 8.
fxe5 dxe5 9. Bg5 Qe7 10. c3 Ne6 11. Nd2 Nxg5 12. Qc2 Be6 13. Bxe6 Nxe6 14. Qa4+
Qd7 15. Qxd7+ Nxd7 16. Nc4 f6 17. Rad1 O-O-O 18. Rd5 Nb6 19. Nxb6+ axb6 20.
Rfd1 Nf4 21. R5d2 Rxd2 22. Rxd2 Rd8 23. Rxd8+ Kxd8 0-1

[Event "GoAudit Open"]
[Site "Copenhagen"]
[Date "2019.11.08"]
[Round "1.2"]
[White "Pedersen, Nicolai Vesterbaek"]
[Black "Jaques, Hannibal Valeur"]
[Result "1/2-1/2"]
[WhiteElo "2391"]
[BlackElo "1736"]
[PlyCount "76"]
[EventDate "2019.11.??"]
[EventType "swiss"]
[EventRounds "8"]
[EventCountry "DEN"]

1. d4 d5 2. c4 c6 3. Nf3 Nf6 4. e3 Bg4 5. h3 Bh5 6. g4 Bg6 7. Ne5 e6 8. h4 Nbd7
9. Nd2 dxc4 10. Bxc4 Bd6 11. Nxg6 hxg6 12. g5 Nd5 13. Ne4 Qc7 14. Qf3 c5 15.
Bd2 cxd4 16. exd4 Ke7 17. Rc1 Qb6 18. Bxd5 exd5 19. Nc3 Rhe8 20. Nxd5+ Kf8+ 21.
Be3 Qxd4 22. Kf1 Qxb2 23. h5 Ne5 24. hxg6 Nxg6 25. Kg2 Qe5 26. Rc4 b5 27. Bd4
Qxg5+ 28. Kf1 bxc4 29. Be3 Qe5 30. Rh5 Qe4 31. Qh3 Qb1+ 32. Kg2 Qe4+ 33. f3
Qc2+ 34. Kf1 Qd1+ 35. Kf2 Qc2+ 36. Kf1 Qd1+ 37. Kf2 Qc2+ 38. Kf1 Qd1+ 1/2-1/2

[Event "GoAudit Open"]
[Site "Copenhagen"]
[Date "2019.11.08"]
[Round "1.3"]
[White "Barington, Troels"]
[Black "Fries Nielsen, Jens Ove"]
[Result "0-1"]
[WhiteElo "1731"]
[BlackElo "2367"]
[PlyCount "64"]
[EventDate "2019.11.??"]
[EventType "swiss"]
[EventRounds "8"]
[EventCountry "DEN"]

1. e4 d5 2. exd5 Qxd5 3. Nf3 Nf6 4. d4 e6 5. Be2 c5 6. c4 Qd8 7. O-O Nc6 8. Be3
Be7 9. Nc3 cxd4 10. Nxd4 Nxd4 11. Bxd4 O-O 12. Bf3 Qa5 13. Qe2 Bc5 14. Be5 Nd7
15. Bf4 e5 16. Bd2 Qd8 17. Nd5 Bd4 18. Bb4 Re8 19. Be4 Nc5 20. Bxc5 Bxc5 21.
Rad1 Bd4 22. Kh1 f5 23. Bb1 a5 24. Qh5 Ra6 25. b3 Rh6 26. Qe2 Qh4 27. h3 f4 28.
Be4 Bxh3 29. Kg1 Bg4 30. Bb1 Bc8 31. Rxd4 Bh3 32. f3 Bc8 0-1

[Event "GoAudit Open"]
[Site "Copenhagen"]
[Date "2019.11.08"]
[Round "1.4"]
[White "Rostgaard, Tobias Valentin"]
[Black "Nielsen, Jorgen Kamp"]
[Result "1-0"]
[WhiteElo "2357"]
[BlackElo "1705"]
[PlyCount "47"]
[EventDate "2019.11.??"]
[EventType "swiss"]
[EventRounds "8"]
[EventCountry "DEN"]

1. e4 d5 2. exd5 Nf6 3. Nf3 Nxd5 4. h3 Bf5 5. d4 e6 6. Be2 c5 7. Ne5 Nc6 8.
Nxc6 bxc6 9. O-O Bd6 10. a3 O-O 11. dxc5 Bxc5 12. Bf3 Bg6 13. b4 Qf6 14. Ra2
Bd4 15. h4 h6 16. g3 Rfd8 17. Bd2 Nc3 18. Nxc3 Bxc3 19. Bxc3 Rxd1 20. Bxf6
Rxf1+ 21. Kxf1 gxf6 22. Bxc6 Rc8 23. b5 Rd8 24. Ke2 1-0

[Event "GoAudit Open"]
[Site "Copenhagen"]
[Date "2019.11.08"]
[Round "1.5"]
[White "Jensen, Torben Winther"]
[Black "Marchena Hurtado, Javier"]
[Result "0-1"]
[WhiteElo "1701"]
[BlackElo "2356"]
[PlyCount "112"]
[EventDate "2019.11.??"]
[EventType "swiss"]
[EventRounds "8"]
[EventCountry "DEN"]

1. e4 c6 2. Nf3 d5 3. exd5 cxd5 4. d4 Nc6 5. h3 Bf5 6. Bd3 Bxd3 7. Qxd3 Nf6 8.
O-O e6 9. b3 Be7 10. Bb2 O-O 11. a3 Rc8 12. Nbd2 Qd7 13. Rfe1 Rfd8 14. Rad1 Qc7
15. c3 a6 16. Rc1 b5 17. b4 Nd7 18. Qe2 Nb6 19. Ba1 Nc4 20. Nxc4 bxc4 21. a4
Bf6 22. g4 h6 23. Rc2 Re8 24. Qd1 e5 25. dxe5 Nxe5 26. Nxe5 Rxe5 27. Rxe5 Qxe5
28. Re2 Qf4 29. Qd2 Qxd2 30. Rxd2 d4 31. cxd4 c3 32. Rc2 Bxd4 33. Kf1 Rc4 34.
Ke2 Rxb4 35. Kd3 Rxa4 36. Bxc3 Bxc3 37. Rxc3 Kh7 38. Ke3 f6 39. Kf3 Rb4 40. Rc6
a5 41. Ra6 a4 42. Kg3 Kg6 43. f3 Kh7 44. h4 h5 45. Ra5 hxg4 46. fxg4 Rb3+ 47.
Kf4 Ra3 48. Ra7 Ra1 49. g5 Kg6 50. h5+ Kxh5 51. gxf6 gxf6 52. Ra5+ Kg6 53. Ra8
a3 54. Rg8+ Kf7 55. Rg2 a2 56. Kg3 f5 0-1

[Event "GoAudit Open"]
[Site "Copenhagen"]
[Date "2019.11.08"]
[Round "1.6"]
[White "Hoi, Carsten"]
[Black "Kustagi, Zeeshan"]
[Result "0-1"]
[WhiteElo "2317"]
[BlackElo "1685"]
[PlyCount "82"]
[EventDate "2019.11.??"]
[EventType "swiss"]
[EventRounds "8"]
[EventCountry "DEN"]

1. c4 Nf6 2. d4 g6 3. Nc3 Bg7 4. e4 d6 5. f3 O-O 6. Be3 e5 7. Nge2 Nc6 8. Qd2
Ne8 9. O-O-O f5 10. exf5 gxf5 11. dxe5 Nxe5 12. Nf4 Nf6 13. c5 Ne8 14. Kb1 a5
15. Nh5 Be6 16. Nxg7 Nxg7 17. cxd6 cxd6 18. Qxd6 Qxd6 19. Rxd6 Rad8 20. Rxd8
Rxd8 21. Bg5 Rc8 22. Bb5 Kf7 23. Re1 Ng6 24. Bh6 Ne8 25. Bxe8+ Rxe8 26. Nb5
Bxa2+ 27. Kxa2 Rxe1 28. Nd6+ Ke6 29. Nxb7 Re2 30. g4 fxg4 31. fxg4 Rxh2 32. g5
Nf4 33. Nxa5 Kf5 34. Ka3 Ne6 35. b4 Nxg5 36. Bf8 Rh3+ 37. Ka4 Ne6 38. Bd6 h5
39. b5 Rh4+ 40. Kb3 Nd4+ 41. Kc4 Nc6+ 0-1

[Event "GoAudit Open"]
[Site "Copenhagen"]
[Date "2019.11.08"]
[Round "1.7"]
[White "Madsen, Michael Leerberg"]
[Black "Nielsen, Viktor Haarmark"]
[Result "0-1"]
[WhiteElo "1658"]
[BlackElo "2268"]
[PlyCount "90"]
[EventDate "2019.11.??"]
[EventType "swiss"]
[EventRounds "8"]
[EventCountry "DEN"]

1. e4 c5 2. Nf3 e6 3. d4 cxd4 4. Nxd4 Nc6 5. Nc3 Qc7 6. Be2 a6 7. O-O Nf6 8. a3
b5 9. Nxc6 dxc6 10. Bf3 e5 11. Be3 Be6 12. Qc1 Be7 13. a4 O-O 14. a5 c5 15. Nd5
Bxd5 16. exd5 e4 17. Bf4 Bd6 18. Bxd6 Qxd6 19. Be2 Nxd5 20. Rd1 c4 21. Qg5 Rad8
22. Rd2 h6 23. Qh5 Qe6 24. Rad1 Nf4 25. Qg4 Qxg4 26. Bxg4 Rxd2 27. Rxd2 f5 28.
Bd1 Ne6 29. Rd6 Rd8 30. Rxd8+ Nxd8 31. Kf1 Kf7 32. Ke2 Kf6 33. Ke3 Ke5 34. f4+
exf3 35. Bxf3 f4+ 36. Kd2 Kd4 37. c3+ Kc5 38. Kc2 Nc6 39. Bxc6 Kxc6 40. b4
cxb3+ 41. Kxb3 Kc5 42. h4 g5 43. hxg5 hxg5 44. Kc2 Kc4 45. Kd2 g4 0-1

[Event "GoAudit Open"]
[Site "Copenhagen"]
[Date "2019.11.08"]
[Round "1.8"]
[White "Christensen, Lasse"]
[Black "Knudsen, Martin Mosgaard"]
[Result "1-0"]
[WhiteElo "2204"]
[BlackElo "1649"]
[PlyCount "77"]
[EventDate "2019.11.??"]
[EventType "swiss"]
[EventRounds "8"]
[EventCountry "DEN"]

1. e4 e6 2. d4 d5 3. Nc3 Nf6 4. Bg5 dxe4 5. Nxe4 Be7 6. Nxf6+ Bxf6 7. Bxf6 Qxf6
8. Nf3 O-O 9. Bd3 Rd8 10. Qe2 Nc6 11. c3 a6 12. O-O-O b5 13. Qe4 Qh6+ 14. Kb1
Bb7 15. Qg4 Rd6 16. Qg5 Qxg5 17. Nxg5 h6 18. Ne4 Rdd8 19. Nc5 Bc8 20. Be4 Rd6
21. d5 exd5 22. Rxd5 Rb8 23. Rxd6 cxd6 24. Nxa6 Bxa6 25. Bxc6 Bb7 26. Bxb7 Rxb7
27. Rd1 Rb6 28. Kc2 f6 29. Kb3 Kf7 30. Rd4 Ke7 31. Kb4 Rb8 32. Rd5 Ra8 33. a3
Rb8 34. Rxb5 Rc8 35. Rb7+ Kf8 36. a4 d5 37. a5 Rc4+ 38. Kb5 g5 39. a6 1-0

[Event "GoAudit Open"]
[Site "Copenhagen"]
[Date "2019.11.08"]
[Round "1.9"]
[White "Haagen Larsen, Hans"]
[Black "Liu, Casper Yukun"]
[Result "0-1"]
[WhiteElo "1647"]
[BlackElo "2171"]
[PlyCount "58"]
[EventDate "2019.11.??"]
[EventType "swiss"]
[EventRounds "8"]
[EventCountry "DEN"]

1. d4 Nf6 2. Bf4 d5 3. Nf3 c5 4. e3 Nc6 5. c3 Qb6 6. Qb3 c4 7. Qc2 Bf5 8. Qc1
h6 9. h3 e6 10. Be2 Be7 11. O-O O-O 12. Nbd2 Bh7 13. Ne5 Nxe5 14. dxe5 Nd7 15.
Nf3 Nc5 16. Nd4 Rfc8 17. Bh2 Na4 18. f4 Qxb2 19. Qxb2 Nxb2 20. f5 exf5 21. Nxf5
Bc5 22. Bf4 Bxf5 23. Bg4 Bxg4 24. hxg4 g5 25. Rab1 gxf4 26. Rxb2 b6 27. Re2
Bxe3+ 28. Rxe3 fxe3 29. Rf6 d4 0-1

[Event "GoAudit Open"]
[Site "Copenhagen"]
[Date "2019.11.08"]
[Round "1.10"]
[White "Dudnyk, Oleg"]
[Black "Malmqvist, Glenn"]
[Result "0-1"]
[WhiteElo "1621"]
[BlackElo "2121"]
[PlyCount "72"]
[EventDate "2019.11.??"]
[EventType "swiss"]
[EventRounds "8"]
[EventCountry "DEN"]

1. d4 Nf6 2. Bf4 e6 3. Nf3 d5 4. e3 Be7 5. Nbd2 O-O 6. Bd3 Nbd7 7. O-O c5 8. c3
b6 9. Qc2 Bb7 10. Ne5 Rc8 11. Ndf3 Ne4 12. Nd2 f5 13. Ndf3 Bf6 14. Bb5 Nxe5 15.
Bxe5 g5 16. Bxf6 Rxf6 17. Ne5 g4 18. Qe2 Rh6 19. g3 Qg5 20. Bd3 Rh3 21. Bxe4
dxe4 22. Kg2 Rh6 23. Qb5 cxd4 24. Qd7 Qg7 25. Qxg7+ Kxg7 26. exd4 Rf6 27. Kg1
h5 28. a4 h4 29. a5 hxg3 30. fxg3 b5 31. Rf4 Rh8 32. Raf1 Rfh6 33. R1f2 e3 34.
Nd7 exf2+ 35. Rxf2 Rh3 36. Re2 R3h6 0-1

[Event "GoAudit Open"]
[Site "Copenhagen"]
[Date "2019.11.08"]
[Round "2.1"]
[White "Hector, Jonny"]
[Black "Frank Nielsen, Marie"]
[Result "1-0"]
[WhiteElo "2478"]
[BlackElo "1989"]
[PlyCount "59"]
[EventDate "2019.11.??"]
[EventType "swiss"]
[EventRounds "8"]
[EventCountry "DEN"]

1. e4 c5 2. Nf3 e6 3. d4 cxd4 4. Nxd4 a6 5. Nc3 Qc7 6. Bd3 d6 7. O-O Nd7 8. f4
Ngf6 9. Nf3 b5 10. Qe1 Bb7 11. Bd2 Nc5 12. b4 Ncd7 13. a4 bxa4 14. Nxa4 Be7 15.
c4 d5 16. exd5 exd5 17. c5 Ne4 18. Be3 O-O 19. Rc1 Bc6 20. Nb6 Rae8 21. Bxa6
Ndxc5 22. bxc5 Nxc5 23. Qa5 Nb3 24. Rxc6 Qxc6 25. Qxd5 Qc3 26. Qd3 Qb4 27. Nd5
Qb8 28. Rb1 Bd8 29. Rxb3 Qa8 30. Bc5 1-0

[Event "GoAudit Open"]
[Site "Copenhagen"]
[Date "2019.11.08"]
[Round "2.2"]
[White "Fries Nielsen, Jens Ove"]
[Black "Singh, Karamtej"]
[Result "1-0"]
[WhiteElo "2367"]
[BlackElo "1903"]
[PlyCount "61"]
[EventDate "2019.11.??"]
[EventType "swiss"]
[EventRounds "8"]
[EventCountry "DEN"]

1. d4 Nf6 2. Nf3 d6 3. g3 g6 4. Bg2 Bg7 5. O-O O-O 6. a4 a5 7. Nc3 Nc6 8. d5
Nb4 9. Nd4 Bd7 10. h3 Qc8 11. Kh2 c5 12. Ndb5 Rd8 13. e4 Ne8 14. Bg5 f6 15. Be3
Nc7 16. Na3 Rf8 17. Nc4 Ra6 18. Ne2 Bxa4 19. b3 Bb5 20. c3 f5 21. Ra3 a4 22.
cxb4 cxb4 23. Ra2 Bxc4 24. bxc4 b3 25. Rd2 b2 26. Bd4 Bxd4 27. Nxd4 a3 28. Qb1
Qa8 29. Qa2 Rb8 30. exf5 gxf5 31. Nxf5 1-0

[Event "GoAudit Open"]
[Site "Copenhagen"]
[Date "2019.11.08"]
[Round "2.3"]
[White "Marchena Hurtado, Javier"]
[Black "Olsen, Bjorn"]
[Result "1-0"]
[WhiteElo "2356"]
[BlackElo "1856"]
[PlyCount "79"]
[EventDate "2019.11.??"]
[EventType "swiss"]
[EventRounds "8"]
[EventCountry "DEN"]

1. d4 Nf6 2. c4 g6 3. Nf3 Bg7 4. g3 O-O 5. Bg2 d6 6. O-O Nc6 7. Nc3 e5 8. d5
Na5 9. Nd2 c5 10. a3 b6 11. b4 Nb7 12. e4 Bg4 13. f3 Bd7 14. Rb1 Qc8 15. f4
exf4 16. gxf4 Ng4 17. Qf3 Bd4+ 18. Kh1 Ne3 19. Re1 Bg4 20. Qg3 Nxg2 21. Kxg2 h5
22. h3 Bxh3+ 23. Qxh3 Qxh3+ 24. Kxh3 Bxc3 25. Rb3 Bg7 26. e5 dxe5 27. fxe5 Rae8
28. Nf3 f6 29. e6 g5 30. Kg2 Nd6 31. bxc5 bxc5 32. Be3 Rc8 33. Nd2 Nf5 34. Ne4
Nd4 35. Rb7 Nc2 36. Re2 Nxe3+ 37. Rxe3 Bh6 38. e7 Rf7 39. Nd6 g4 40. Nxc8 1-0

[Event "GoAudit Open"]
[Site "Copenhagen"]
[Date "2019.11.08"]
[Round "2.4"]
[White "Damgaard Hansen, Henrik"]
[Black "Rostgaard, Tobias Valentin"]
[Result "0-1"]
[WhiteElo "1769"]
[BlackElo "2357"]
[PlyCount "45"]
[EventDate "2019.11.??"]
[EventType "swiss"]
[EventRounds "8"]
[EventCountry "DEN"]

1. e4 e5 2. Nf3 Nc6 3. d4 exd4 4. Nxd4 Nf6 5. Nxc6 bxc6 6. Bd3 d5 7. e5 Ng4 8.
Qe2 Bc5 9. O-O Qe7 10. Bf4 g5 11. Bg3 h5 12. h3 h4 13. Bh2 Nxh2 14. Kxh2 Bd4
15. c3 Qxe5+ 16. Kg1 Qxe2 17. Bxe2 Bb6 18. Nd2 f5 19. Rfe1 Kf8 20. c4 g4 21.
Kf1 gxh3 22. gxh3 f4 23. Bg4 0-1

[Event "GoAudit Open"]
[Site "Copenhagen"]
[Date "2019.11.08"]
[Round "2.5"]
[White "Nielsen, Viktor Haarmark"]
[Black "Wahlgreen, Noah Krug"]
[Result "1-0"]
[WhiteElo "2268"]
[BlackElo "1749"]
[PlyCount "55"]
[EventDate "2019.11.??"]
[EventType "swiss"]
[EventRounds "8"]
[EventCountry "DEN"]

1. d4 Nf6 2. Nf3 e6 3. Bf4 d5 4. e3 c5 5. c3 Nc6 6. Nbd2 Be7 7. Bd3 O-O 8. Ne5
Bd7 9. O-O c4 10. Bc2 Nxe5 11. dxe5 Ne8 12. Qh5 f5 13. Nf3 Nc7 14. Kh1 Qe8 15.
Qh3 b5 16. g4 a5 17. Nd4 Qf7 18. Rg1 b4 19. gxf5 exf5 20. e6 Nxe6 21. Bxf5 Ng5
22. Rxg5 h6 23. Bxd7 hxg5 24. Be6 gxf4 25. exf4 Ra6 26. Bxf7+ Rxf7 27. Qc8+ Bf8
28. Qxa6 1-0

[Event "GoAudit Open"]
[Site "Copenhagen"]
[Date "2019.11.08"]
[Round "2.6"]
[White "Petersen, Christian Skibsted"]
[Black "Christensen, Lasse"]
[Result "0-1"]
[WhiteElo "1768"]
[BlackElo "2204"]
[PlyCount "53"]
[EventDate "2019.11.??"]
[EventType "swiss"]
[EventRounds "8"]
[EventCountry "DEN"]

1. d4 Nf6 2. c4 e6 3. Nf3 b6 4. g3 Bb7 5. Bg2 Be7 6. Nc3 O-O 7. O-O d5 8. Ne5
Nbd7 9. f4 c5 10. e3 Rc8 11. Qa4 a6 12. Qd1 Qc7 13. b3 dxc4 14. Nxc4 Bxg2 15.
Kxg2 cxd4 16. exd4 b5 17. Ne5 Qxc3 18. Bd2 Qxd4 19. Nf3 Qd3 20. Qe1 Ne4 21. Rd1
Ndf6 22. Ne5 Qc2 23. Kh3 Nxd2 24. Rxd2 Qf5+ 25. g4 Nxg4 26. Nxg4 Qh5+ 27. Kg3
0-1

[Event "GoAudit Open"]
[Site "Copenhagen"]
[Date "2019.11.08"]
[Round "2.7"]
[White "Liu, Casper Yukun"]
[Black "Kirkebaekke, Mark"]
[Result "1-0"]
[WhiteElo "2171"]
[BlackElo "1848"]
[PlyCount "89"]
[EventDate "2019.11.??"]
[EventType "swiss"]
[EventRounds "8"]
[EventCountry "DEN"]

1. d4 Nf6 2. Bf4 g6 3. Nc3 Bg7 4. e4 d6 5. Qd2 Nbd7 6. O-O-O O-O 7. h4 c5 8.
dxc5 Nxc5 9. f3 Qa5 10. Kb1 Be6 11. Bh6 Rfc8 12. a3 a6 13. h5 b5 14. Nd5 Qxd2
15. Nxe7+ Kf8 16. Bxg7+ Kxe7 17. Bxf6+ Kxf6 18. Rxd2 Rc6 19. hxg6 hxg6 20. Ne2
Na4 21. b3 Nc5 22. g3 Rac8 23. Bg2 a5 24. f4 a4 25. e5+ Ke7 26. Bxc6 Rxc6 27.
Nd4 Rb6 28. Re1 axb3 29. exd6+ Rxd6 30. f5 bxc2+ 31. Kxc2 Rxd4 32. Rxd4 gxf5
33. Rd5 Ne4 34. Rxb5 Nxg3 35. a4 Kd6 36. a5 Kc6 37. Reb1 f4 38. Rb6+ Kc7 39.
Rb7+ Kc6 40. R1b6+ Kc5 41. a6 f3 42. a7 f2 43. Rb1 Kc4 44. a8=Q Bf5+ 45. Kd2
1-0

[Event "GoAudit Open"]
[Site "Copenhagen"]
[Date "2019.11.08"]
[Round "2.8"]
[White "Malmqvist, Glenn"]
[Black "Andersen, Daniel"]
[Result "1-0"]
[WhiteElo "2121"]
[BlackElo "1793"]
[PlyCount "93"]
[EventDate "2019.11.??"]
[EventType "swiss"]
[EventRounds "8"]
[EventCountry "DEN"]

1. e4 e6 2. d4 d5 3. exd5 exd5 4. Bd3 c5 5. Nf3 Nf6 6. O-O c4 7. Be2 Bd6 8. b3
cxb3 9. axb3 O-O 10. Bg5 h6 11. Bh4 Nbd7 12. c4 b6 13. Nc3 g5 14. Bg3 Bxg3 15.
fxg3 Bb7 16. Bd3 Kg7 17. Nb5 Qb8 18. Qd2 a6 19. Nc3 Ne4 20. Bxe4 dxe4 21. Nxg5
Nf6 22. d5 Qe5 23. Rxf6 Qxf6 24. Ngxe4 Qe5 25. Rf1 f5 26. Nf2 Rae8 27. Kh1 b5
28. Nd3 Qe3 29. Qd1 bxc4 30. bxc4 Qd4 31. Ne2 Qxc4 32. Nef4 Bxd5 33. Qh5 Qc6
34. h3 Be4 35. Rc1 Qd6 36. Nc5 Re5 37. Nxe4 fxe4 38. Qg4+ Rg5 39. Ne6+ Kh7 40.
Qxe4+ Kh8 41. Nxf8 Qxf8 42. Qe6 Qg7 43. Rc8+ Kh7 44. Qe4+ Rg6 45. Rc6 Qa1+ 46.
Kh2 Qg7 47. Rxa6 1-0

[Event "GoAudit Open"]
[Site "Copenhagen"]
[Date "2019.11.08"]
[Round "2.9"]
[White "Kustagi, Zeeshan"]
[Black "Andersen, Rune"]
[Result "1/2-1/2"]
[WhiteElo "1685"]
[BlackElo "2122"]
[PlyCount "99"]
[EventDate "2019.11.??"]
[EventType "swiss"]
[EventRounds "8"]
[EventCountry "DEN"]

1. e4 c5 2. Nf3 Nc6 3. Bb5 g6 4. O-O Bg7 5. c3 Nf6 6. Bxc6 dxc6 7. e5 Nd5 8. d4
cxd4 9. cxd4 O-O 10. Nc3 Bg4 11. h3 Bxf3 12. Qxf3 Nb4 13. Be3 Nc2 14. Rad1 Nxe3
15. Qxe3 Qb6 16. b3 Rad8 17. Ne4 h6 18. Rd2 Rfe8 19. Rfd1 Rd5 20. Nc3 Rdd8 21.
Ne4 Qc7 22. f4 Qb6 23. Nc5 Rd5 24. Ne4 Kh7 25. Nc3 Rdd8 26. g4 f5 27. Na4 Qc7
28. Nc5 e6 29. Na4 b6 30. Nc3 Rd7 31. Ne2 Red8 32. Qg3 c5 33. Qe3 Bf8 34. Kh2
Qc6 35. dxc5 Bxc5 36. Rxd7+ Rxd7 37. Rxd7+ Qxd7 38. Qg3 Qd2 39. Qg2 Qxa2 40.
Qb7+ Kg8 41. Qc8+ Kf7 42. Qd7+ Be7 43. Qd3 a5 44. Kg3 Qa1 45. Kg2 Qb2 46. Kf2
Qa1 47. Kg2 Qb2 48. Kf3 Qa1 49. Kg2 Qb2 50. Kf3 1/2-1/2

[Event "GoAudit Open"]
[Site "Copenhagen"]
[Date "2019.11.08"]
[Round "2.10"]
[White "Falkesgaard, Jeppe Hald"]
[Black "Wehding, Anton Bonsvig"]
[Result "1-0"]
[WhiteElo "1972"]
[BlackElo "1402"]
[PlyCount "95"]
[EventDate "2019.11.??"]
[EventType "swiss"]
[EventRounds "8"]
[EventCountry "DEN"]

1. d4 d5 2. c4 c6 3. Nc3 Nf6 4. e3 g6 5. Nf3 Bg7 6. Be2 O-O 7. O-O Bf5 8. cxd5
cxd5 9. Qb3 Qd7 10. Ne5 Qd8 11. Qxb7 Nbd7 12. Nxd5 Nxd5 13. Qxd5 Nxe5 14. Qxd8
Rfxd8 15. dxe5 Bxe5 16. f4 Bg7 17. Bf3 Rab8 18. e4 Bd7 19. e5 f6 20. Bd5+ e6
21. exf6 Bxf6 22. Bb3 Bb5 23. Re1 Kg7 24. Rxe6 Re8 25. f5 Rxe6 26. fxe6 Rf8 27.
Be3 Bxb2 28. Rd1 Ba3 29. Bxa7 Kf6 30. Rd2 Ke7 31. Rf2 Ra8 32. Rf7+ Ke8 33. Bd4
Rd8 34. Bf6 Rc8 35. g3 Bc5+ 36. Kg2 Bd6 37. Rxh7 Bc6+ 38. Kh3 Rc7 39. Rh8+ Bf8
40. e7 Rxe7 41. Bxe7 Bd7+ 42. g4 Kxe7 43. Rh7+ Kd6 44. Bc2 g5 45. Kg3 Bb5 46.
a4 Ba6 47. Rh5 Be7 48. Rh6+ 1-0

[Event "GoAudit Open"]
[Site "Copenhagen"]
[Date "2019.11.08"]
[Round "3.1"]
[White "Christensen, Lasse"]
[Black "Hector, Jonny"]
[Result "0-1"]
[WhiteElo "2204"]
[BlackElo "2478"]
[PlyCount "116"]
[EventDate "2019.11.??"]
[EventType "swiss"]
[EventRounds "8"]
[EventCountry "DEN"]

1. d4 d5 2. Nc3 Nf6 3. Bg5 Nbd7 4. e3 h6 5. Bh4 e6 6. Bd3 c5 7. Nf3 c4 8. Be2
Bb4 9. O-O Bxc3 10. bxc3 Qa5 11. Nd2 Qxc3 12. Bg3 O-O 13. Bd6 Re8 14. a4 Qa5
15. e4 Nxe4 16. Nxe4 dxe4 17. Bxc4 Qd8 18. Bb3 Nf6 19. Be5 Bd7 20. Qe2 Bc6 21.
Rfd1 Rc8 22. c4 Qe7 23. Bg3 Red8 24. Bh4 b6 25. Rab1 Ba8 26. h3 Rd7 27. Rd2
Rcd8 28. Rbd1 Bb7 29. Bc2 Rc7 30. Bb3 Ba6 31. Rc1 Rdc8 32. Bxf6 Qxf6 33. Qxe4
Bxc4 34. Rdc2 Bd5 35. Bxd5 Rxc2 36. Rxc2 Rxc2 37. Qxc2 exd5 38. Qc8+ Kh7 39.
Qc3 Qd6 40. g3 g6 41. Kg2 Qe6 42. Kh2 Qe2 43. Kg2 Kg7 44. Qc7 Qe4+ 45. Kg1 Qxd4
46. Qxa7 Qc5 47. Qa6 d4 48. Qe2 Qc1+ 49. Kh2 Qc5 50. Kg1 Qc7 51. Kh2 Qd7 52.
Qe5+ Kh7 53. a5 bxa5 54. Qxa5 d3 55. Qd2 Qd4 56. Kg2 g5 57. Qa2 Kg6 58. Qa6+
Kg7 0-1

[Event "GoAudit Open"]
[Site "Copenhagen"]
[Date "2019.11.08"]
[Round "3.2"]
[White "Liu, Casper Yukun"]
[Black "Fries Nielsen, Jens Ove"]
[Result "1/2-1/2"]
[WhiteElo "2171"]
[BlackElo "2367"]
[PlyCount "20"]
[EventDate "2019.11.??"]
[EventType "swiss"]
[EventRounds "8"]
[EventCountry "DEN"]

1. d4 d5 2. Bf4 b5 3. e4 dxe4 4. Bxb5+ c6 5. Ba4 Nf6 6. Ne2 Bd7 7. c4 g6 8. O-O
Bg7 9. Nbc3 O-O 10. Ng3 Be6 1/2-1/2

[Event "GoAudit Open"]
[Site "Copenhagen"]
[Date "2019.11.08"]
[Round "3.3"]
[White "Malmqvist, Glenn"]
[Black "Marchena Hurtado, Javier"]
[Result "1-0"]
[WhiteElo "2121"]
[BlackElo "2356"]
[PlyCount "121"]
[EventDate "2019.11.??"]
[EventType "swiss"]
[EventRounds "8"]
[EventCountry "DEN"]

1. e4 c6 2. d4 d5 3. Nc3 dxe4 4. Nxe4 Bf5 5. Ng3 Bg6 6. Nf3 Nd7 7. h4 h6 8. h5
Bh7 9. Bd3 Bxd3 10. Qxd3 e6 11. Bd2 Ngf6 12. O-O-O Be7 13. Kb1 Qb6 14. Rde1 Rd8
15. Bc1 O-O 16. Nf5 exf5 17. Rxe7 Ne4 18. Rf1 Qb4 19. Qa3 Qxa3 20. bxa3 Rfe8
21. Rxe8+ Rxe8 22. Nh4 Ndf6 23. Nxf5 Nxh5 24. Kb2 Re6 25. c4 Kh7 26. Be3 g6 27.
Nxh6 Nd6 28. Kc3 Rxe3+ 29. fxe3 Kxh6 30. Kd3 f5 31. c5 Ne4 32. Rb1 Kg5 33. Rxb7
a5 34. Ra7 Kg4 35. Rxa5 Kg3 36. Ra8 Nhf6 37. a4 Nd5 38. Rg8 g5 39. a5 Kxg2 40.
a3 Nc7 41. Rf8 g4 42. Rxf5 Nf2+ 43. Ke2 g3 44. Rf7 Na6 45. Ra7 Kh2 46. Rg7 Nh3
47. Kf1 Nf2 48. Rh7+ Nh3 49. Rg7 Nf2 50. e4 Nh3 51. e5 Nf4 52. Rh7+ Nh3 53. Rg7
Nf4 54. e6 g2+ 55. Kf2 g1=Q+ 56. Rxg1 Nxe6 57. Rg6 Nf4 58. Rxc6 Nb8 59. Rh6+
Nh3+ 60. Kf3 Nd7 61. a6 1-0

[Event "GoAudit Open"]
[Site "Copenhagen"]
[Date "2019.11.08"]
[Round "3.4"]
[White "Rostgaard, Tobias Valentin"]
[Black "Meskenas, Paulius"]
[Result "1-0"]
[WhiteElo "2357"]
[BlackElo "2003"]
[PlyCount "99"]
[EventDate "2019.11.??"]
[EventType "swiss"]
[EventRounds "8"]
[EventCountry "DEN"]

1. e4 e5 2. Nf3 Nc6 3. Nc3 Nf6 4. g3 d5 5. exd5 Nxd5 6. Bg2 Be7 7. O-O O-O 8.
Re1 Nxc3 9. bxc3 Bg4 10. Rb1 Rb8 11. h3 Bxf3 12. Bxf3 Qd6 13. Qe2 Bf6 14. Rb3
Rfd8 15. d3 Qc5 16. Be3 Qa5 17. Reb1 Qa6 18. Bc1 b5 19. Ra3 Qb7 20. Qe4 Rd6 21.
Rab3 Qa6 22. Ba3 b4 23. Bxb4 Nxb4 24. a3 Rbb6 25. axb4 Qa2 26. c4 Rb8 27. Qe2
a5 28. bxa5 Qxb1+ 29. Rxb1 Rxb1+ 30. Kg2 Ra1 31. Qd2 Ra6 32. Qb4 g6 33. Qb8+
Kg7 34. Qxc7 R1xa5 35. Bd5 Ra7 36. Qb6 Be7 37. Qb8 f6 38. Qg8+ Kh6 39. Qh8 R5a6
40. Qc8 Ra5 41. h4 Rc5 42. Qe6 Rca5 43. h5 R5a6 44. Qg8 g5 45. Be4 Bc5 46. Qc8
Bb4 47. c5 Kg7 48. Qf5 Kf8 49. h6 Rc7 50. c6 1-0

[Event "GoAudit Open"]
[Site "Copenhagen"]
[Date "2019.11.08"]
[Round "3.5"]
[White "Falkesgaard, Jeppe Hald"]
[Black "Nielsen, Viktor Haarmark"]
[Result "0-1"]
[WhiteElo "1972"]
[BlackElo "2268"]
[PlyCount "42"]
[EventDate "2019.11.??"]
[EventType "swiss"]
[EventRounds "8"]
[EventCountry "DEN"]

1. d4 d5 2. c4 e6 3. Nc3 Bb4 4. e3 Nf6 5. Bd3 e5 6. dxe5 dxc4 7. Bxc4 Qxd1+ 8.
Kxd1 Ng4 9. Ke2 Nxe5 10. Bb3 b6 11. Nf3 Ba6+ 12. Ke1 Nd3+ 13. Kd2 Nxf2 14. Re1
O-O 15. Bd1 Nc6 16. a3 Rad8+ 17. Kc2 Bd3+ 18. Kb3 Na5+ 19. Kxb4 c5+ 20. Ka4
Nxd1 21. Nxd1 a6 0-1

[Event "GoAudit Open"]
[Site "Copenhagen"]
[Date "2019.11.08"]
[Round "3.6"]
[White "Pedersen, Nicolai Vesterbaek"]
[Black "Kustagi, Zeeshan"]
[Result "1-0"]
[WhiteElo "2391"]
[BlackElo "1685"]
[PlyCount "59"]
[EventDate "2019.11.??"]
[EventType "swiss"]
[EventRounds "8"]
[EventCountry "DEN"]

1. c4 Nf6 2. Nc3 g6 3. e4 d6 4. d4 Bg7 5. f3 O-O 6. Nge2 e5 7. d5 Ne8 8. Be3 h6
9. Qd2 Kh7 10. h4 f5 11. h5 g5 12. exf5 Bxf5 13. Ng3 Bd7 14. Bd3+ Kh8 15. Bc2
Qe7 16. Qd3 Bf6 17. Nce4 Na6 18. a3 c6 19. dxc6 bxc6 20. c5 Nb8 21. cxd6 Qg7
22. O-O-O a5 23. Rhe1 Na6 24. Bd2 Nb8 25. Bc3 g4 26. Nxf6 Nxf6 27. Rxe5 gxf3
28. Re7 Qg8 29. Rh7+ Qxh7 30. Qxh7# 1-0